Vista normal
Vista MARC
Entrada Materia (personas)
Número de registros utilizados en: 1
001 - CONTROL NUMBER
- control field: 180600
003 - CONTROL NUMBER IDENTIFIER
- control field: Co-BoUCM
005 - DATE AND TIME OF LATEST TRANSACTION
- control field: 20240429152823.0
008 - FIXED-LENGTH DATA ELEMENTS
- fixed length control field: 240429|| aca||aabn | a|a d
040 ## - CATALOGING SOURCE
- Original cataloging agency: Co-BoUCM
- Transcribing agency: Co-BoUCM
100 ## - HEADING--PERSONAL NAME
- Personal name: Vogüé, Eugène-Melchior,
- Titles and other words associated with a name: vizconde
- Dates associated with a name: 1848-1910
670 ## - SOURCE DATA FOUND
- Source citation: Work cat.: (Co-BoUCM): Vogüé, Eugène-Melchior, vizconde 1848-1910 , Les morts qui parlent , [fecha desconocida]